Study to assess the effectiveness of self instructional module knowledge and knowledge of practice regarding nursing interventions to reduce the risk of catheter associated urinary tract infections in patients among the staff nurses (Record no. 57412)

MARC details
000 -LEADER
fixed length control field 00531nam a2200133Ia 4500
008 - FIXED-LENGTH DATA ELEMENTS--GENERAL INFORMATION
fixed length control field 220603s9999 xx 000 0 und d
082 ## - DEWEY DECIMAL CLASSIFICATION NUMBER
Item number PRA
100 ## - MAIN ENTRY--PERSONAL NAME
Personal name Prakash Navami
9 (RLIN) 93191
245 ## - TITLE STATEMENT
Title Study to assess the effectiveness of self instructional module knowledge and knowledge of practice regarding nursing interventions to reduce the risk of catheter associated urinary tract infections in patients among the staff nurses
260 ## - PUBLICATION, DISTRIBUTION, ETC. (IMPRINT)
Place of publication, distribution, etc. Karnataka
Name of publisher, distributor, etc. KLE University
Date of publication, distribution, etc. 2013
300 ## - PHYSICAL DESCRIPTION
Extent 139p
365 ## - TRADE PRICE
Price amount Rs.
Holdings
Withdrawn status Lost status Damaged status Not for loan Collection code Home library Current library Date acquired Vendor Total Checkouts Full call number Barcode Date last seen Bill Date Koha item type Original Barcode
        MS Smt. Bakul Tambat Institute of Nursing Education Smt. Bakul Tambat Institute of Nursing Education 19/08/2013 Donated   MS PRA PR0144 BTIN-PR-144 10/08/2022 19/08/2013 Dissertation PR000144